| 000 | 00451nam a2200133Ia 4500 | ||
|---|---|---|---|
| 003 | GCL | ||
| 008 | 140319s9999 xx 000 0 ara d | ||
| 040 |
_aGCL / _cGCL |
||
| 082 | 0 | 4 |
_a333.335 _bم أ |
| 100 | 1 | _aالمجالس القومية المتخصصة | |
| 245 | 1 | 0 |
_aاستراتيجية الامن الغذائى / _cالمجالس القومية المتخصصة |
| 300 | _a295 ص | ||
| 490 |
_aالهيئة العامة للاستعلامات _v0 |
||
| 999 |
_c51172 _d51172 |
||